00510nam a2200121Ia 4500008004100000245015300041260003100194260000900225300000900234650002600243650001200269856010700281170516s9999 xx 000 0 und d aApplication of Chang's attenuation correction technique for single-photon emission computed tomography partial angle acquisition of Jaszczak phantom bJournal of Medical Physics c2016 a41:1 xRadiologic Technology xRadtech uhttp://www.jmp.org.in/showBackIssue.asp?issn=0971-6203;year=2016;volume=41;issue=1;month=January-March